Tous les clubs du Big Five européen ! (2025-2026) - Statistiques

Statistiques générales
  • Ce quiz a été pris 409 fois
  • Le résultat moyen est 66 sur 96
Statistiques - réponses
% Correct
Ligue 1 Olympique de Marseille
99%
Ligue 1 Paris Saint-Germain
99%
Ligue 1 Olympique Lyonnais
98%
Ligue 1 LOSC
97%
Premier League Manchester City
97%
Premier League Liverpool
96%
Premier League Manchester United
96%
Premier League Arsenal
94%
Liga Real Madrid
94%
Liga FC Barcelone
93%
Ligue 1 FC Nantes
93%
Ligue 1 Stade Rennais
93%
Ligue 1 AS Monaco
92%
Ligue 1 OGC Nice
92%
Ligue 1 RC Strasbourg
92%
Premier League Aston Villa
90%
Liga Atletico Madrid
90%
Bundesliga Bayern Munich
90%
Ligue 1 Paris FC
90%
Ligue 1 RC Lens
90%
Premier League Tottenham
90%
Serie A AC Milan
89%
Serie A Inter Milan
89%
Ligue 1 Stade Brestois
89%
Ligue 1 Toulouse
89%
Premier League Chelsea
88%
Bundesliga Borussia Dortmund
87%
Ligue 1 FC Metz
86%
Serie A Juventus
86%
Serie A Naples
86%
Ligue 1 FC Lorient
85%
Bundesliga Bayer Leverkusen
83%
Ligue 1 SCO Angers
81%
Liga Athletic Club
80%
Liga Betis Séville
80%
Premier League Newcastle
80%
Serie A AS Rome
78%
Ligue 1 Le Havre
78%
Ligue 1 AJ Auxerre
75%
Liga FC Séville
75%
Premier League West Ham
75%
Premier League Leeds
74%
Liga Valence
74%
Premier League Crystal Palace
73%
Serie A Lazio Rome
73%
Premier League Sunderland
73%
Premier League Wolverhampton
72%
Bundesliga RB Leipzig
70%
Serie A Atalanta Bergame
69%
Liga Real Sociedad
69%
Liga Villarreal
68%
Premier League Brighton
67%
Premier League Everton
67%
Serie A Fiorentina
66%
Premier League Nottingham Forest
64%
Bundesliga Eintracht Francfort
63%
Bundesliga VfB Stuttgart
62%
Premier League Fulham
61%
Liga Girona
60%
Serie A Torino
60%
Bundesliga FC Union Berlin
59%
Premier League Brentford
58%
Premier League Burnley
58%
Serie A Côme
58%
Bundesliga Hambourg
58%
Bundesliga Wolfsburg
58%
Serie A Bologne
57%
Premier League Bournemouth
57%
Liga Espanyol Barcelone
57%
Liga Rayo Vallecano
54%
Bundesliga Werder Brême
54%
Liga Celta Vigo
53%
Liga Getafe
53%
Bundesliga FC Cologne
52%
Liga RDC Majorque
52%
Serie A Genoa
51%
Serie A Parme
50%
Serie A Sassuolo
50%
Serie A Udinese
50%
Liga Osasuna
47%
Bundesliga Borussia Mönchengladbach
46%
Serie A Cagliari
46%
Bundesliga Hoffenheim
46%
Bundesliga Mayence
46%
Serie A Hellas Verone
45%
Serie A Pise
44%
Bundesliga SC Fribourg
43%
Liga Real Oviedo
42%
Liga Deportivo Alaves
41%
Liga Elche
39%
Liga Levante
39%
Serie A US Lecce
38%
Bundesliga Augsburg
34%
Bundesliga FC Sankt Pauli
34%
Bundesliga FC Heidenheim
30%
Serie A Cremonese
28%
Aucun quiz correspondant
Distribution des résultats
% des personnes avec chaque résultat
Percentile par nombre de réponses
Votre historique - résultats
Vous n’avez pas pris ce quiz